Guess the Indian state - Statistics

General Stats
  • This quiz has been taken 30 times
  • The average score is 4 of 5
Answer Stats
Hint Answer % Correct
A.P Andhra Pradesh
82%
M.P Madhya pradesh
82%
U.P uttar Pradesh
82%
A.R Arunachal Pradesh
76%
T.N Tamil Nadu
71%
No matching quizzes found
Score Distribution
Percent of People with Each Score
Percentile by Number Answered
Your Score History
You have not taken this quiz